Horticulture: (Record no. 171157)

MARC details
000 -LEADER
fixed length control field 00602nam a2200193 4500
005 - DATE AND TIME OF LATEST TRANSACTION
control field 20220303122906.0
010 ## - LCCN (DPL NO)
LC control number ENG-127287
020 ## - INTERNATIONAL STANDARD BOOK NUMBER
International Standard Book Number 9789386519252
Terms of availability 250.00
035 ## - SYSTEM CONTROL NUMBER
System control number EN-110819
037 ## - SOURCE OF ACQUISITION
Source of stock number/acquisition DBAD/PUB
082 ## - DEWEY DECIMAL CLASSIFICATION NUMBER
Classification number 635
100 ## - MAIN ENTRY--PERSONAL NAME
Personal name kumaresan,v
245 ## - TITLE STATEMENT
Title Horticulture:
Statement of responsibility, etc V, kumaresan
260 ## - PUBLICATION, DISTRIBUTION, ETC. (IMPRINT)
Place of publication, distribution, etc New Delhi
Name of publisher, distributor, etc Saras Publishers
Date of publication, distribution, etc 2018
270 ## - ADDRESS
Address 114/35GA.R.P Camp Road periavilai,Kottar P.O Nagercoil Kanyakumari Dist
City Tamil Nadu
Postal code 629002
Electronic mail address info@saraspublication.com
300 ## - PHYSICAL DESCRIPTION
Extent xvi,486p.
Dimensions 23cm(hbk)
500 ## - GENERAL NOTE
General note include index
942 ## - ADDED ENTRY ELEMENTS (KOHA)
Source of classification or shelving scheme Dewey Decimal Classification
Item type English Books
Classification part 000
Call number suffix KUM
Holdings
Withdrawn status Lost status Not for loan Collection code Home library Current library Date acquired Source of acquisition Cost, normal purchase price Full call number Barcode Copy number Cost, replacement price Koha item type
      Non-fiction Bawana Bawana 07/01/2020 DBAD/PUB 250.00 000 KUM EN-110819 1 250.00 English Books

© Delhi Public Library
Hit Counter
free hit counter